000 00975nam a22001817a 4500
999 _c63390
_d63390
003 Ge_BSU
005 20250929150649.0
008 250929s1977 ge ||||| |||| 00| 0 geo d
041 _ageo
080 _a631.115.6(479.223)+338.34.003.13(479.22) დ-43
100 _aდიასამიძე, დ.
_910513
245 _aსაკოლმეურნეობათაშორისო საწარმოების ეფექტიანობა :
_b აჭარის ასსრ მაგალითზე /
_cდ. დიასამიძე; რედ. ალ. ბაჯელიძე.
264 _aთბ. :
_b საბჭ. საქართველო,
_c1977.
300 _a63გვ. ;
_b16სმ.
653 _aსაკოლმეურნეობათაშორისო საწარმოები აჭარაში
700 _aბაჯელიძე, ალ.
_eრედაქტორი
_925900
942 _2udc
_cᲬᲘᲒᲜᲘ